Ebony - RAGE [paroles] - Statistiques

Statistiques générales
  • Ce quiz a été pris 18 fois
  • Le résultat moyen est 64 sur 116
Statistiques - réponses
Réponse % Correct
a
92%
à
92%
le
92%
les
92%
les-
92%
de
85%
il
85%
ils
85%
la
85%
(la
85%
j’ai
77%
je
77%
limi-
77%
ma
77%
pas
77%
rage
77%
rage)
77%
bons
69%
bout
69%
cette
69%
confiance
69%
dépassé
69%
donné
69%
en
69%
fois
69%
j’vais
69%
limites
69%
mis
69%
moi
69%
mon
69%
m’ont
69%
mot
69%
ont
69%
se
69%
sont
69%
ah
62%
aiment
62%
après
62%
autres
62%
avec
62%
ça
62%
comprends
62%
dents
62%
genoux
62%
go
62%
go !
62%
haine
62%
jamais
62%
j’fais
62%
j’me
62%
juste
62%
manières
62%
mes
62%
mets
62%
ne
62%
plus
62%
Queen
62%
(Queen
62%
sanction
62%
Sheba
62%
(Sheba)
62%
Sheba)
62%
c’est
54%
démons
54%
fautes
54%
mimiques
54%
oh
54%
barrières
46%
base
46%
des
46%
effacer
46%
j’connais
46%
j'sais
46%
magie
46%
perdue
46%
pourquoi
46%
sens
46%
tout
46%
toutes
46%
tu
46%
v’la
46%
(v’la
46%
autoroute
38%
bat
38%
cœur
38%
droit
38%
eux
38%
fait
38%
he
38%
j’fonce
38%
malade
38%
parlent
38%
perdre
38%
pression
38%
prête
38%
rien
38%
sans
38%
sous
38%
timing
38%
argh
31%
froid
31%
j’contiens
31%
j’oublie
31%
j’tourne
31%
maintenant
31%
nouveau
31%
page
31%
sauvée
31%
savais
31%
si
31%
chapitre
23%
doutes
23%
j’suis
23%
m’égare
23%
suis
23%
m’évade
8%
Aucun quiz correspondant
Distribution des résultats
% des personnes avec chaque résultat
Percentile par nombre de réponses
Votre historique - résultats
Vous n’avez pas pris ce quiz